[Event "2nd Science Park Open A"]
[Site "Amsterdam NED"]
[Date "2012.07.15"]
[Round "2"]
[White "Van der Lende,I"]
[Black "Farrand,J"]
[Result "1-0"]
[WhiteElo "2175"]
[BlackElo "2116"]

1.e4 d6 2.d4 Nf6 3.Nc3 c6 4.f4 Qa5 5.Qf3 e5 6.dxe5 dxe5 7.fxe5 Ng4 8.Bd2 Nxe5
9.Qg3 Nbd7 10.Nf3 Nxf3+ 11.gxf3 Qh5 12.O-O-O Qg6 13.f4 Qxg3 14.hxg3 Nc5 15.Bg2 Bg4
16.Rde1 O-O-O 17.e5 Be7 18.Be3 a5 19.Ne4 Nxe4 20.Bxe4 Kc7 21.f5 h5 22.Bf4 Kb6
23.Re3 a4 24.Rc3 h4 25.gxh4 Rxh4 26.Be3+ Kc7 27.Rg1 Rh3 28.Rxg4  1-0

[Event "11th Bergamo Open Elite"]
[Site "Bergamo ITA"]
[Date "2012.07.15"]
[Round "5.6"]
[White "Kasparova,T"]
[Black "Borgo,G"]
[Result "0-1"]
[WhiteElo "2125"]
[BlackElo "2384"]

1.e4 d6 2.d4 Nf6 3.Nc3 c6 4.a4 Nbd7 5.Nge2 h5 6.h3 h4 7.Ng1 e5 8.Nf3 Be7
9.dxe5 dxe5 10.Bc4 Nh5 11.Ne2 g5 12.c3 f6 13.b4 Nb6 14.Qxd8+ Kxd8 15.Bb3 a5
16.Bd2 Kc7 17.Nh2 Ng7 18.O-O Be6 19.Bxe6 Nxe6 20.b5 Nc5 21.f3 Nb3 22.Ra2 Nxd2
23.Rxd2 Nxa4 24.bxc6 bxc6 25.Ng4 Nb6 26.Kh2 Rhd8 27.Ra2 Nc4 28.Ra4 Nb2 29.Ra2 Rd2
30.Nc1 Nc4 31.Ra4 Nb6 32.Ra2 Rxa2 33.Nxa2 Rd8 34.Rf2 Nc4  0-1

[Event "72nd ch-ITA S/F 2012"]
[Site "Civitanova Marche ITA"]
[Date "2012.07.15"]
[Round "1"]
[White "Andreoni,G"]
[Black "Scalcione,M"]
[Result "0-1"]
[WhiteElo "2119"]
[BlackElo "2346"]

1.e4 d6 2.d4 Nf6 3.Nc3 c6 4.Nf3 Bg4 5.h3 Bh5 6.Bf4 e6 7.Be2 d5 8.e5 Bxf3
9.Bxf3 Nfd7 10.O-O Be7 11.Ne2 Qb6 12.Qd2 Na6 13.c3 h5 14.b4 Qd8 15.a3 g5
16.Be3 Nb6 17.Ng3 Nc4 18.Qe2 g4 19.hxg4 hxg4 20.Bxg4 Kd7 21.Qe1 Qg8 22.Bd1 Qh7
23.Nh5 Rag8 24.Qe2 Qg6 25.Nf4 Qh6 26.Qh5 Qg7 27.Qf3 Bg5 28.g3 Nxe3 29.fxe3 Bxf4
30.Qxf4 Qxg3+ 31.Qxg3 Rxg3+ 32.Kf2 Rhh3 33.Re1 Rg5 34.Ke2 Nc7 35.Kd3 Ne8
36.Ra2 Ng7 37.Rf2 Nf5 38.Kd2 Rgg3 39.Bc2 Nxe3 40.Rxf7+ Ke8 41.Rh7 Nc4+ 42.Kd1 Rxh7
43.Bxh7 Nxa3 44.Rf1 Nb5 45.Rf6 Ke7  0-1

[Event "Sparkassen Open A"]
[Site "Dortmund GER"]
[Date "2012.07.15"]
[Round "2.11"]
[White "Richters,M"]
[Black "Kozlov,Alex GER"]
[Result "1-0"]
[WhiteElo "2045"]
[BlackElo "2204"]

1.e4 d6 2.d4 Nf6 3.Nc3 e5 4.Nf3 Nbd7 5.Bc4 Be7 6.O-O O-O 7.Re1 c6 8.a4 a5
9.h3 exd4 10.Nxd4 Ne5 11.Bf1 Qc7 12.f4 Ng6 13.Nf5 Re8 14.Nxe7+ Rxe7 15.Qd4 d5
16.e5 Nd7 17.Be3 Nh4 18.Bf2 Nf5 19.Qd2 b6 20.g4 Nh6 21.Bg3 Kh8 22.Qh2 Ba6
23.Bxa6 Rxa6 24.f5 Qc8 25.f6 Re6 26.Ne2 Re8 27.fxg7+ Kxg7 28.Nf4 Ng8 29.Nh5+ Kh8
30.e6 Ndf6 31.exf7  1-0

[Event "Sparkassen Open A"]
[Site "Dortmund GER"]
[Date "2012.07.15"]
[Round "2.38"]
[White "Simanowski,Mio"]
[Black "Maniocha,M"]
[Result "1-0"]
[WhiteElo "1858"]
[BlackElo "2035"]

1.e4 d6 2.d4 Nf6 3.Nc3 e5 4.dxe5 dxe5 5.Qxd8+ Kxd8 6.Nf3 Nbd7 7.Ng5 Ke8 8.Bc4 h6
9.Nxf7 Rg8 10.O-O c6 11.Rd1 Ke7 12.Bb3 g5 13.f3 Bg7 14.Ne2 Rf8 15.Nd6 Nc5
16.Ng3 Nxb3 17.axb3 Rd8 18.Nxc8+ Raxc8 19.Be3 Rxd1+ 20.Rxd1 b6 21.Nf5+ Kf8
22.Rd6 c5 23.h4 Ne8 24.Rd7 Rc7 25.Rxc7 Nxc7 26.hxg5 hxg5 27.Bxg5 Ne6 28.Be7+ Kf7
29.Bh4 Bf8 30.Kf2 b5 31.Ke3 Nd4 32.Nxd4 cxd4+ 33.Kd3 Bh6 34.Bf2 a5 35.c3 dxc3
36.bxc3 a4 37.bxa4 bxa4 38.Bc5 Ke6 39.c4 Kd7 40.Kc2 Kc6 41.Bb4 Be3 42.Kb2 Bf4  1-0

[Event "16th Battle of Senta Open A"]
[Site "Senta SRB"]
[Date "2012.07.15"]
[Round "3.13"]
[White "Kholopov,A"]
[Black "Scepanovic,L"]
[Result "0-1"]
[WhiteElo "2289"]
[BlackElo "2205"]

1.d4 d6 2.e4 Nf6 3.Nc3 e5 4.Nf3 Nbd7 5.Bc4 Be7 6.O-O O-O 7.Re1 c6 8.a4 h6
9.h3 Re8 10.b3 Qc7 11.Bb2 Nf8 12.Qd2 Ng6 13.Bf1 Bf8 14.g3 Bd7 15.Bg2 Rad8
16.Kh2 c5 17.dxc5 dxc5 18.Qe2 Bc6 19.Nd2 Rd7 20.Nc4 b6 21.Ne3 Nf4 22.Qf1 Nxg2
23.Qxg2 Qb7 24.f3 a6 25.Red1 Red8 26.Rxd7 Rxd7 27.Nc4 Qb8 28.Qe2 Be7 29.Rd1 Bd8
30.Nd5 Bxd5 31.exd5 Rxd5 32.Bxe5 Qb7 33.Rxd5 Nxd5 34.Qd2 Bf6 35.Bxf6 Nxf6
36.Qd8+ Kh7 37.Kg2 Nd5 38.Ne5 Nf6 39.c4 b5 40.axb5 axb5 41.Qd3+ g6 42.cxb5 Nd5
43.h4 Nb4 44.Qc4 Nd5 45.Qxc5 Kg7 46.Qc6 Ne3+ 47.Kf2 Qe7 48.f4 Nf5 49.b6 Qb4
50.Qc4 Qxb6+ 51.Kf3 Qe3+ 52.Kg2 Qxg3+ 53.Kh1 Qe1+ 54.Kh2 Qf2+  0-1

[Event "ch-NED 2012"]
[Site "Amsterdam NED"]
[Date "2012.07.16"]
[Round "2"]
[White "Ernst,S"]
[Black "Giri,A"]
[Result "0-1"]
[WhiteElo "2558"]
[BlackElo "2696"]

1.d4 d6 2.e4 Nf6 3.Nc3 e5 4.Nf3 exd4 5.Nxd4 Be7 6.h3 O-O 7.g4 d5 8.e5 Nfd7
9.Nxd5 Nxe5 10.Bg2 Bc5 11.Bf4 c6 12.Bxe5 Re8 13.Nf3 Nd7 14.Ne3 Nxe5 15.Nxe5 Qa5+
16.Qd2 Qxd2+ 17.Kxd2 Rxe5 18.Nc4 Re7 19.f4 Be6 20.Ne5 Rd8+ 21.Nd3 Bc4 22.Bf1 Be3+
23.Kc3 Bd5 24.Rh2 c5 25.Re1 Rde8  0-1

[Event "2nd Science Park Open A"]
[Site "Amsterdam NED"]
[Date "2012.07.16"]
[Round "3"]
[White "Afek,Y"]
[Black "Hungaski,R"]
[Result "1/2-1/2"]
[WhiteElo "2293"]
[BlackElo "2488"]

1.e4 d6 2.d4 Nf6 3.Nc3 e5 4.Nf3 Nbd7 5.Bc4 Be7 6.h3 O-O 7.Be3 c6 8.a4 b6
9.O-O a6 10.Qe2 Bb7 11.d5 Nxe4 12.dxc6 Nxc3 13.bxc3 Bxc6 14.Bxa6 Bxf3 15.gxf3 Bg5
16.Rfd1 Qf6 17.Bb5 Nc5 18.Bxc5 dxc5 19.Rd7 Bf4 20.Rad1 Rad8 21.Qe4 Rxd7 22.Rxd7 Rd8
23.Qd5 Rxd7 24.Qxd7 g6 25.Bc4 Kg7 26.Kf1 e4 27.fxe4 Be3 28.Qxf7+ Qxf7 29.Bxf7 Kxf7
30.fxe3 Kf6 31.Ke2 Ke5 32.Kf3 c4 33.Kg4 Kxe4 34.Kg5 Kxe3 35.Kh6 Kd2 36.h4 Kxc2
37.Kxh7 Kxc3 38.Kxg6 Kb3 39.h5 c3 40.h6 c2 41.h7 c1=Q 42.h8=Q Qc2+ 43.Kf7 Kxa4
44.Qd4+ Ka5 45.Kg8 b5 46.Qa1+ Kb4 47.Qe5 Ka4 48.Qe8 Qc4+ 49.Kh7 Qd3+ 50.Kh6 Ka3
51.Qa8+ Kb3 52.Qg8+ Kc2 53.Qc8+ Kd2 54.Qb7 Qd6+ 55.Kh5 Qe5+ 56.Kg6 Qg3+ 57.Kh5 Qe5+
58.Kg6 Qd6+ 59.Kh5 b4 60.Qg2+ Kc1 61.Qg5+ Kd1 62.Qg4+ Kd2 63.Qg2+ Kc3 64.Qf3+ Qd3
65.Qf6+ Kc2 66.Qf2+ Kd1 67.Qg1+ Kd2 68.Qg5+ Qe3 69.Qd5+ Kc3 70.Qc6+ Kb2 71.Qg2+ Kb1
72.Qh1+ Kc2 73.Qg2+ Qd2 74.Qe4+ Kc1 75.Qc4+ Kb2 76.Qe6 Qd1+ 77.Kh4 Qh1+ 78.Kg3 Qg1+
79.Kh3 Qf1+ 80.Kh4 b3 81.Qe5+ Ka2 82.Qe6 Qf4+ 83.Kh5 Qf3+ 84.Kh6 Ka3 85.Qd6+ Kb2
86.Qh2+ Kc1 87.Qc7+ Kd2 88.Qa5+ Ke2 89.Qb4 Qf6+ 90.Kh7 Qf5+ 91.Kh6 Qe6+ 92.Kh7 Qd7+
93.Kg8 Qd5+ 94.Kh7 Kd3 95.Qb8 Qf7+ 96.Kh8 Qf6+ 97.Kg8 b2 98.Qg3+ Kd4 99.Qg4+ Kc5
100.Qc8+ Qc6 101.Qf8+ Kc4 102.Qf4+ Kb3 103.Qe3+ Qc3 104.Qb6+ Ka2 105.Qa7+ Qa3
106.Qf2 Qb3+ 107.Kh8 Qb8+ 108.Kh7 Qc7+ 109.Kh8 Qd8+ 110.Kh7 Qd7+ 111.Kh8 Ka1
112.Qf6 Qh3+ 113.Kg8 Qg3+ 114.Kh8 Qd3 115.Qe5 Ka2 116.Qe6+ Ka3 117.Qe7+ Kb3
118.Qb7+ Kc3 119.Qc6+ Qc4 120.Qf3+ Kb4 121.Qb7+ Qb5 122.Qe4+ Kc3 123.Qf3+ Kd4
124.Qf2+ Ke5 125.Qg3+ Kf5 126.Qf3+ Ke6 127.Qg4+ Kd6 128.Qd4+ Ke6 129.Qg4+ Qf5
130.Qg8+ Ke7 131.Qg7+ Ke8 132.Qxb2 Qh5+  1/2-1/2

[Event "FSIM July 2012"]
[Site "Budapest HUN"]
[Date "2012.07.16"]
[Round "10.4"]
[White "Farago,S"]
[Black "To,N"]
[Result "1/2-1/2"]
[WhiteElo "2266"]
[BlackElo "2305"]

1.e4 d6 2.d4 Nf6 3.Nc3 e5 4.Nf3 Nbd7 5.Bc4 Be7 6.Ng5 O-O 7.Bxf7+ Rxf7 8.Ne6 Qe8
9.Nxc7 Qd8 10.Nxa8 b6 11.Nb5 a6 12.Nac7 axb5 13.Ne6 Qe8 14.Nc7 Qd8 15.Ne6 Qe8
16.Nc7  1/2-1/2

[Event "Sparkassen Open A"]
[Site "Dortmund GER"]
[Date "2012.07.16"]
[Round "3.31"]
[White "Strohmann,Marcel"]
[Black "Schorra,H"]
[Result "0-1"]
[WhiteElo "1801"]
[BlackElo "2081"]

1.e4 d6 2.d4 Nf6 3.Nc3 e5 4.dxe5 dxe5 5.Qxd8+ Kxd8 6.Nf3 Bd6 7.Bc4 Ke8 8.h3 a6
9.Be3 Nbd7 10.O-O-O h6 11.Nh4 g6 12.g3 Kf8 13.Rhf1 Kg7 14.f4 Rf8 15.Nf3 Nh5
16.Ne2 exf4 17.gxf4 Bc5 18.Nfd4 Kh7 19.f5 Ne5 20.Bb3 Bd7 21.Rf2 Bb5 22.Nc3 Bc4
23.Rg1 Bxb3 24.axb3 Nc6 25.Nce2 Rad8 26.c3 Rde8 27.fxg6+ fxg6 28.Rxf8 Rxf8
29.Kd2 Ne5 30.Rg2 Rd8 31.Ng3 Nf3+ 32.Ke2 Nxd4+ 33.cxd4 Nxg3+ 34.Rxg3 Bxd4
35.Bxd4 Rxd4 36.Ke3 Rb4 37.Kf4 Kg7 38.Ke5 Kf7 39.Rf3+ Ke7 40.Re3 Rb5+ 41.Kd4 Ke6
42.Rg3 g5 43.Rc3 c6 44.Rf3 b6 45.Rg3 Rb4+  0-1

[Event "16th Battle of Senta Open A"]
[Site "Senta SRB"]
[Date "2012.07.16"]
[Round "4.8"]
[White "Vujic,M"]
[Black "Cengija,V"]
[Result "1-0"]
[WhiteElo "2357"]
[BlackElo "2251"]

1.e4 d6 2.d4 Nf6 3.Nc3 e5 4.Nf3 Nbd7 5.Bc4 Be7 6.dxe5 dxe5 7.Bxf7+ Kxf7 8.Ng5+ Kg8
9.Ne6 Qe8 10.Nxc7 Qg6 11.Nxa8 Qxg2 12.Rf1 Ng4 13.Qe2 h6 14.Nd5 Bc5 15.f3 Bf2+
16.Rxf2 Nxf2 17.Qxf2 Qh3 18.Be3 b6 19.Nac7 Kh7 20.Qg3 Qh5 21.Qg4  1-0

[Event "XXI TCh-MKD 2012"]
[Site "Struga MKD"]
[Date "2012.07.16"]
[Round "1.2"]
[White "Ilic,Mi"]
[Black "Kizov,A"]
[Result "1/2-1/2"]
[WhiteElo "2183"]
[BlackElo "2418"]

1.e4 d6 2.d4 Nf6 3.Nc3 e5 4.Nf3 Nbd7 5.Bc4 Be7 6.O-O O-O 7.a4 a5 8.b3 c6
9.Bb2 exd4 10.Qxd4 Nc5 11.h3 Be6 12.Rad1 Bxc4 13.Qxc4 Qb6 14.Rfe1 Rad8 15.Qd4 Qb4
16.Qe3 Rfe8 17.Nd2 Qb6 18.Nc4 Qc7 19.Qg3 Bf8 20.f3 Nh5 21.Qh4 g6 22.Rd2 Be7
23.Qf2 Bg5 24.Rdd1 Ne6 25.Ne2 d5 26.Be5 Qe7 27.exd5 cxd5 28.Nb6 d4 29.Nxd4 Nxd4
30.Rxd4 Rxd4 31.Qxd4 Bf4 32.Nd5 Qh4 33.Re4 Bxe5 34.Rxh4 Bxd4+ 35.Rxd4 Re2
36.c3 Ng3 37.Rg4 Nf5 38.Re4 Rb2 39.b4 axb4 40.Rxb4 Rd2 41.Nf6+ Kg7  1/2-1/2

[Event "72nd ch-ITA S/F 2012"]
[Site "Civitanova Marche ITA"]
[Date "2012.07.17"]
[Round "3"]
[White "Xia,J"]
[Black "Scalcione,M"]
[Result "0-1"]
[WhiteElo "2301"]
[BlackElo "2346"]

1.e4 d6 2.d4 Nf6 3.Nc3 c6 4.Nf3 Bg4 5.Be2 e6 6.O-O d5 7.Bg5 Be7 8.e5 Nfd7
9.Bxe7 Qxe7 10.Nd2 Bxe2 11.Qxe2 a6 12.f4 c5 13.dxc5 Qxc5+ 14.Kh1 g6 15.Rad1 Nc6
16.Nb3 Qe7 17.Qe3 h5 18.a3 Rc8 19.Rd2 h4 20.Qh3 Rh5 21.Rfd1 Rd8 22.Rxd5 exd5
23.Nxd5 Nb6  0-1

[Event "72nd ch-ITA S/F 2012"]
[Site "Civitanova Marche ITA"]
[Date "2012.07.17"]
[Round "3"]
[White "Innocenti,G"]
[Black "Dappiano,A"]
[Result "1-0"]
[WhiteElo "2021"]
[BlackElo "2180"]

1.e4 d6 2.d4 Nf6 3.Nc3 e5 4.Nf3 Nbd7 5.Bc4 Be7 6.O-O O-O 7.Re1 c6 8.a4 b6
9.b3 a6 10.Bb2 Bb7 11.dxe5 dxe5 12.h3 Qc7 13.Qe2 b5 14.Bd3 Nc5 15.Nd1 Nfd7
16.Ne3 Rfe8 17.Nd2 Nf6 18.Nf5 Bf8 19.Qf3 Rad8 20.Nf1 Bc8 21.axb5 axb5 22.Red1 Nxd3
23.Rxd3 Rxd3 24.cxd3 Be6 25.d4 Bxf5 26.exf5 e4 27.Qe2 Nd5 28.Ne3 Qf4 29.g3 Qg5
30.Qg4 Qxg4 31.hxg4 Nb4 32.Ra7 Nd3 33.Ba1 Nc1 34.d5 Bc5 35.Rc7 Bxe3 36.fxe3 Nxb3
37.d6 Rd8 38.d7 Nc5 39.Rc8 Nb7 40.Be5 Kf8 41.f6  1-0

[Event "11th Condom Open A"]
[Site "Condom FRA"]
[Date "2012.07.17"]
[Round "5.9"]
[White "Manole,S"]
[Black "Gertosio,F"]
[Result "0-1"]
[WhiteElo "2059"]
[BlackElo "2215"]

1.e4 d6 2.d4 Nf6 3.Nc3 Nbd7 4.f4 e5 5.Nf3 exd4 6.Qxd4 c6 7.Bc4 d5 8.exd5 Bc5
9.Qd3 O-O 10.dxc6 bxc6 11.Bd2 Re8+ 12.Ne2 Ne4 13.Rf1 Nxd2 14.Bxf7+ Kxf7 15.Ng5+ Kf8
16.Qf5+ Nf6 17.Qxc5+ Qe7 18.Qxe7+ Rxe7 19.Kxd2 Ba6 20.Nd4 Rd8 21.Rfe1 Rxd4+
22.Kc3 Rc4+ 23.Kb3 Rxf4 24.Rxe7 Kxe7 25.Re1+ Kd6 26.Re6+ Kd7 27.Re5 h6 28.Nf3 Bc4+
29.Ka3 Bd5  0-1

[Event "Sparkassen Open A"]
[Site "Dortmund GER"]
[Date "2012.07.17"]
[Round "4.34"]
[White "Grahl,Matthias"]
[Black "Maniocha,M"]
[Result "1-0"]
[WhiteElo "1851"]
[BlackElo "2035"]

1.e4 d6 2.d4 Nf6 3.Nc3 Nbd7 4.f4 e5 5.dxe5 dxe5 6.fxe5 Nxe5 7.Qxd8+ Kxd8
8.Bg5 c6 9.Nf3 Bd6 10.O-O-O Ke7 11.Be2 Be6 12.Rxd6 Nxf3 13.Rxe6+ Kxe6 14.Bc4+ Ke7
15.gxf3 h6 16.Bh4 g5 17.Bf2 b6 18.Ba6 Rad8 19.Bb7 c5 20.Nd5+ Nxd5 21.Bxd5 f5
22.c4 fxe4 23.Bxe4 Ke6 24.Be1 Rd7 25.Bc3 Rf8 26.h4 Rd6 27.hxg5 hxg5 28.Rh5 g4
29.Re5+ Kd7 30.Bf5+ Kc6 31.fxg4 b5 32.b4 bxc4 33.Rxc5+ Kb6 34.a4 Re8 35.Rxc4 Re2
36.Be4 Ka6 37.g5 Re6 38.b5+ Kb6 39.Bc6 Rg6 40.a5+ Kc7  1-0

[Event "7th Nana Aleksandria Cup"]
[Site "Poti GEO"]
[Date "2012.07.17"]
[Round "5.10"]
[White "Hayrapetian,A"]
[Black "Tiraturyan,D"]
[Result "1-0"]
[WhiteElo "2363"]
[BlackElo "2167"]

1.e4 d6 2.d4 Nf6 3.Nc3 e5 4.Nf3 Nbd7 5.Bc4 Be7 6.O-O O-O 7.Re1 a6 8.a4 b6
9.Bg5 Bb7 10.Qd2 c6 11.dxe5 dxe5 12.Bxf6 Bxf6 13.Rad1 Nc5 14.b4 Ne6 15.Bxe6 fxe6
16.Nb1 a5 17.bxa5 Rxa5 18.Qb4 Qc7 19.Qb3 Bc8 20.Na3 Rc5 21.Re2 h6 22.Rb1 Rd8
23.Ne1 Ba6 24.Nd3 Bxd3 25.cxd3 Kh8 26.g3 Qa7 27.Qxe6 Qxa4 28.Nc4 Qa7 29.Nd6 Rf8
30.Nc8 Qa6 31.Nxb6 Qxd3 32.Ree1 Rc2 33.Nd7 Qf3 34.Rf1 Rg8 35.Rb3 Rc3 36.Rxc3 Qxc3  1-0

[Event "Sparkassen Open A"]
[Site "Dortmund GER"]
[Date "2012.07.18"]
[Round "5.11"]
[White "Kartsev,So"]
[Black "Schorra,H"]
[Result "1-0"]
[WhiteElo "2198"]
[BlackElo "2081"]

1.e4 d6 2.d4 Nf6 3.Nc3 e5 4.Nf3 Nbd7 5.g4 Nxg4 6.Rg1 Ngf6 7.Bc4 h6 8.Be3 c6
9.dxe5 dxe5 10.Qd3 b5 11.Bb3 a5 12.O-O-O Qc7 13.a4 Ba6 14.axb5 Bxb5 15.Nxb5 cxb5
16.Qxb5 Rb8 17.Qa4 Rb7 18.Rd3 Bb4 19.Rgd1 g6 20.Kb1 Ke7 21.Nd2 Bc5 22.Nc4 Bxe3
23.Nxe3 Rb4 24.Rxd7+ Nxd7 25.Nd5+ Kd8 26.Nxc7  1-0

[Event "Corporation Centre Cup A"]
[Site "Izhevsk RUS"]
[Date "2012.07.18"]
[Round "4.10"]
[White "Pushin,V"]
[Black "Khismatullin,D"]
[Result "0-1"]
[WhiteElo "2363"]
[BlackElo "2664"]

1.d4 d6 2.e4 Nf6 3.Nc3 Nbd7 4.Nf3 e5 5.Bc4 Be7 6.O-O O-O 7.h3 c6 8.a4 b6
9.Qe2 a6 10.Rd1 Qc7 11.dxe5 Nxe5 12.Ba2 Rb8 13.Nxe5 dxe5 14.Rd3 b5 15.Rg3 Kh8
16.Bb3 Bb7 17.Bg5 h6 18.Bxf6 Bxf6 19.Rd1 Rbd8 20.Rgd3 Rd4 21.Qh5 Rxd3 22.Rxd3 Bc8
23.Nd1 Kh7 24.Ne3 g6 25.Qe2 h5 26.Rc3 Qb6 27.Qd1 Rd8 28.Qf3 Kg7 29.axb5 axb5
30.g4 hxg4 31.Nxg4 Bxg4 32.hxg4 Rf8 33.Qe3 Qd8 34.Qe2 Qd7 35.Rd3 Qe7 36.Rc3 Bg5
37.Rxc6 Bf4 38.Bd5 Rh8 39.Qd3 Qa7 40.Qd1 Rh2 41.Qf1 Rxf2 42.Qxf2 Be3 43.Rf6 Bxf2+
44.Rxf2 f6 45.Kg2 Qb6 46.c4 bxc4 47.Bxc4 Kh6 48.b3 Kg5 49.Kf3 Qd4 50.Re2 Qd1
51.Ke3 Qg1+ 52.Rf2 Qg3+ 53.Rf3 Qe1+ 54.Kd3 Qd1+  0-1

[Event "Corporation Centre Cup A"]
[Site "Izhevsk RUS"]
[Date "2012.07.18"]
[Round "4.44"]
[White "Murtazin,Bulat"]
[Black "Arzamastsev,A"]
[Result "0-1"]
[WhiteElo "1978"]
[BlackElo "2142"]

1.d4 d6 2.e4 Nf6 3.Nc3 e5 4.Nf3 Nbd7 5.Bc4 Be7 6.O-O O-O 7.Bb3 c6 8.a4 exd4
9.Nxd4 Nc5 10.Re1 Nxb3 11.Nxb3 Re8 12.a5 Be6 13.Nd4 d5 14.a6 Qc8 15.e5 Nd7
16.f4 Bc5 17.Kh1 Bxd4 18.Qxd4 bxa6 19.Qf2 f5 20.Ra5 c5 21.Na4 d4 22.Qe2 c4
23.Qd1 Qc7 24.Rxa6 Nc5 25.Nxc5 Qxc5 26.Bd2 Qb5 27.Qa1 Bd5 28.Rd6 Qb7 29.Rg1 Red8
30.Qa3 Be4 31.Rxd8+ Rxd8 32.Qc5 Qxb2 33.Qxc4+ Kh8 34.Ba5 Rb8 35.e6 Qxc2 36.Qxc2 Bxc2
37.Re1 Kg8 38.Kg1 Be4 39.Re2 Re8 40.Bb4 Rxe6 41.Bc5 d3 42.Rb2 a6 43.Rb8+ Kf7
44.Rd8 Rc6 45.Bb4 Rc1+ 46.Kf2 Rc2+ 47.Ke1 Rxg2 48.h4 Kg6 49.Rd6+ Kh5 50.Rxa6 Kxh4
51.Rd6 Kg4 52.Rd7 Kxf4 53.Bc3 h5 54.Kf1 g5 55.Rxd3 Bxd3+ 56.Kxg2 Kg4 57.Bf6 f4
58.Bd8 Kf5 59.Kh3 Be2 60.Be7 Bf1+ 61.Kh2 g4 62.Kg1 Bd3 63.Kg2 g3 64.Kh3 Ke4
65.Bd6 Bf1+ 66.Kh4 Be2 67.Kh3 Bg4+ 68.Kh4 g2 69.Bc5 Kf3 70.Kg5 Kg3 71.Ba7 f3
72.Bb8+ Kf2  0-1

[Event "Minsk Open 2012"]
[Site "Minsk BLR"]
[Date "2012.07.18"]
[Round "9.4"]
[White "Kovalev,Vl"]
[Black "Zablotsky,S"]
[Result "1/2-1/2"]
[WhiteElo "2476"]
[BlackElo "2524"]

1.e4 d6 2.d4 Nf6 3.Nc3 e5 4.Nf3 Nbd7 5.Bc4 Be7 6.O-O O-O 7.a4 c6 8.Re1 b6
9.d5 cxd5 10.Nxd5 Bb7 11.b3 Rc8 12.Ba3 Nxd5 13.Bxd5 Bxd5 14.Qxd5 Rxc2 15.Bxd6 Bxd6
16.Qxd6 Nc5 17.Qxd8 Rxd8 18.Nxe5 f6 19.Nf3 Nxb3 20.Ra3 Nd2 21.h3 Nxf3+ 22.Rxf3 Rc5
23.Ra3 Rd4 24.a5 b5 25.a6 b4 26.Rb3 Kf7 27.f3 Ke6 28.Kf2 Kd6 29.Ke3 Rcc4
30.g4 Kc5 31.g5 Kb5 32.gxf6 gxf6 33.Rg1 Rd7 34.Rg8 Rc3+ 35.Rxc3 bxc3 36.Rc8 Kb4
37.f4 Kb3 38.e5 fxe5 39.fxe5 c2 40.Rb8+ Ka2 41.Rc8 Kb1 42.Rb8+ Kc1 43.Rb7 Rd5
44.Rxa7 Rxe5+ 45.Kf2 Rd5 46.Ke2 Rd2+ 47.Ke1 Rd3 48.Rb7 Re3+ 49.Kf2 Rxh3 50.a7 Ra3
51.Rxh7 Kb2 52.Rb7+ Kc3 53.Rc7+ Kd2 54.Rd7+ Kc3  1/2-1/2

[Event "6th Varna Open"]
[Site "Varna BUL"]
[Date "2012.07.18"]
[Round "7.17"]
[White "Rafailov,Radostin"]
[Black "Ivanova,Si"]
[Result "1/2-1/2"]
[WhiteElo "1867"]
[BlackElo "1956"]

1.e4 d6 2.d4 Nf6 3.Nc3 Nbd7 4.Nf3 e5 5.Bc4 Be7 6.O-O O-O 7.Re1 Nb6 8.Bd3 exd4
9.Nxd4 Nfd7 10.a4 a5 11.Bf1 Bf6 12.b3 Nc5 13.Bb2 Re8 14.f4 Bg4 15.Qd2 Ne6
16.Ndb5 c6 17.Na3 Nc5 18.Bd3 Be6 19.Rab1 Qc7 20.Ne2 Bxb2 21.Rxb2 d5 22.e5 Nxd3
23.cxd3 Qe7 24.Nc2 c5 25.Ne3 d4 26.Nc4 Bxc4 27.bxc4 Nxa4 28.Ra2 Nb6 29.Rxa5 Rxa5
30.Qxa5 Nd7 31.Ng3 Qe6 32.Ne4 b6 33.Qa7 Qc6 34.Ra1 f6 35.Nd6 Rf8 36.e6 Qxd6
37.Qxd7 Qxd7 38.exd7 Rd8 39.Ra6 Rxd7 40.Rxb6  1/2-1/2

[Event "2nd Science Park Open A"]
[Site "Amsterdam NED"]
[Date "2012.07.19"]
[Round "6"]
[White "Dehmel,J"]
[Black "Farrand,J"]
[Result "1-0"]
[WhiteElo "2094"]
[BlackElo "2116"]

1.d4 d6 2.e4 Nf6 3.Nc3 c6 4.Be3 Qa5 5.Qd2 e5 6.f3 Nbd7 7.O-O-O b5 8.Kb1 Be7
9.g4 exd4 10.Bxd4 b4 11.Nce2 c5 12.Be3 Nb6 13.b3 Bb7 14.Ng3 g6 15.g5 Nfd7
16.h4 d5 17.N1e2 Ne5 18.Bg2 Rd8 19.Qe1 O-O 20.Bc1 c4 21.h5 c3 22.Nd4 Bc5
23.hxg6 hxg6 24.Ngf5 f6 25.Qh4 Kf7 26.Qh7+ Ke8 27.Qxb7 gxf5 28.Nc6 Qb5 29.Nxd8 Kxd8
30.gxf6 a6 31.Qb8+  1-0

[Event "72nd ch-ITA S/F 2012"]
[Site "Civitanova Marche ITA"]
[Date "2012.07.19"]
[Round "6"]
[White "Bonafede,A"]
[Black "Cocchi,A"]
[Result "1-0"]
[WhiteElo "2351"]
[BlackElo "2319"]

1.e4 c6 2.Nc3 d6 3.d4 Nf6 4.Nf3 Bg4 5.h3 Bxf3 6.Qxf3 e6 7.Bd3 d5 8.e5 Nfd7
9.Ne2 c5 10.c3 Nc6 11.O-O Nb6 12.b3 a6 13.Rd1 Qd7 14.Qg3 cxd4 15.Nxd4 Nxd4
16.cxd4 O-O-O 17.Bd2 Kb8 18.Ba5 Ka7 19.a3 Rc8 20.Bb4 g6 21.Qe3 Bxb4 22.axb4 Rc3
23.b5 a5 24.Qd2 Rhc8 25.Bc4 a4  1-0

[Event "11th Condom Open A"]
[Site "Condom FRA"]
[Date "2012.07.19"]
[Round "7.9"]
[White "Marty,Brice"]
[Black "Gertosio,F"]
[Result "0-1"]
[WhiteElo "2027"]
[BlackElo "2215"]

1.e4 d6 2.d4 Nf6 3.Nc3 Nbd7 4.Nf3 e5 5.Bc4 Be7 6.O-O O-O 7.Re1 a6 8.a4 b6
9.h3 Bb7 10.dxe5 dxe5 11.Ba2 c6 12.Nh4 Bb4 13.Qf3 Nc5 14.Bg5 Ne6 15.Bxf6 Qxf6
16.Qxf6 gxf6 17.Nf5 Nd4 18.Re3 Kh8 19.Rg3 Bxc3 20.bxc3 Ne2+ 21.Kh2 Nxg3 22.fxg3 Bc8
23.g4 Be6 24.Ne7 Bxa2 25.Rxa2 a5 26.Rb2 Rfe8 27.Nf5 Rab8 28.c4 Kg8 29.Kg3 Kf8
30.Kh4 Red8 31.c3 Rd3 32.Rb3 Rd2 33.g3 Ra2 34.c5 Rxa4 35.Nd6 b5 36.Kh5 Ra1
37.Kh6 a4 38.Rb2 a3 39.Rf2 Ke7 40.g5 Rg8 41.Rxf6 Rg6+  0-1

[Event "Sparkassen Open A"]
[Site "Dortmund GER"]
[Date "2012.07.19"]
[Round "6.32"]
[White "Schwarz,Larissa"]
[Black "Begna,B"]
[Result "1/2-1/2"]
[WhiteElo "1870"]
[BlackElo "2088"]

1.e4 d6 2.d4 Nf6 3.Nc3 e5 4.dxe5 dxe5 5.Qxd8+ Kxd8 6.Bg5 Be6 7.O-O-O+ Kc8
8.f4 exf4 9.Bxf4 Bc5 10.h3 c6 11.Nf3 h6 12.Nd4 Bxd4 13.Rxd4 b5 14.a3 Nbd7
15.e5 Ne8 16.Be2 a5 17.Bf3 Ra6 18.Ne4 g5 19.Bh2 c5 20.Rd2 b4 21.a4 c4 22.Rhd1 Rb6
23.Bg1 Rb8  1/2-1/2

[Event "Sparkassen Open A"]
[Site "Dortmund GER"]
[Date "2012.07.19"]
[Round "6.7"]
[White "Richters,M"]
[Black "Torres Kuckel,R"]
[Result "0-1"]
[WhiteElo "2045"]
[BlackElo "2306"]

1.e4 d6 2.d4 Nf6 3.Nc3 e5 4.Nf3 Nbd7 5.Bc4 Be7 6.O-O O-O 7.Re1 c6 8.a4 a5
9.h3 Qc7 10.b3 h6 11.Nh4 Re8 12.Nf5 Bf8 13.Ba3 Nb6 14.Bf1 Bxf5 15.exf5 d5
16.dxe5 Rxe5 17.Bxf8 Rxf8 18.Qd4 Rfe8 19.Rxe5 Rxe5 20.Bd3 Nc8 21.f4 Re8 22.g4 Nd6
23.Rf1 Nde4 24.Nxe4 Nxe4 25.Kg2 Re7 26.Qe3 Qd6 27.Re1 Kf8 28.Re2 Nc5 29.Qxe7+ Qxe7
30.Rxe7 Kxe7 31.Be2 Ne4 32.Kf3 Kd6 33.h4 f6 34.Bd3 Nc5 35.Be2 Ne4 36.Bd3 Nc3
37.g5 b5 38.axb5 cxb5 39.Ke3 Kc5 40.Kd2 Kd4 41.Bf1 a4 42.h5 a3 43.Kc1 Ke3
44.gxh6 gxh6  0-1

[Event "Turkish Bank Chess League 2012"]
[Site "Konya TUR"]
[Date "2012.07.19"]
[Round "10"]
[White "Yilmazyerli,M"]
[Black "Yurtseven,M"]
[Result "1-0"]
[WhiteElo "2312"]
[BlackElo "2148"]

1.e4 d6 2.Nc3 Nf6 3.d4 e5 4.Nf3 Nbd7 5.Bc4 Be7 6.O-O O-O 7.Re1 c6 8.a4 b6
9.Ba2 Qc7 10.h3 a6 11.Nh4 Re8 12.Nf5 Bf8 13.Bg5 h6 14.Be3 exd4 15.Bxd4 Ne5
16.Ng3 c5 17.Nd5 Nxd5 18.Bxd5 Rb8 19.Bc3 Ng6 20.Qf3 Be6 21.Rad1 Qd7 22.b3 Be7
23.Nh5 Kh7 24.Bxe6 fxe6 25.Qf7 Rg8 26.Nf6+ Bxf6 27.Qxd7 Bxc3 28.Rf1  1-0

[Event "23rd Czech Open Rapid"]
[Site "Pardubice CZE"]
[Date "2012.07.19"]
[Round "4.13"]
[White "Semenova,El1"]
[Black "Hess,Ro"]
[Result "1/2-1/2"]
[WhiteElo "2132"]
[BlackElo "2639"]

1.e4 d6 2.d4 Nf6 3.Nc3 c6 4.f4 Qa5 5.Bd3 e5 6.Nf3 exd4 7.Nxd4 Be7 8.Nb3 Qb6
9.a4 a5 10.Qe2 O-O 11.Be3 Qc7 12.O-O Na6 13.h3 Nb4 14.Nd4 Bd7 15.Rae1 Rae8
16.Qf2 Bd8 17.Kh1 Qc8 18.Nb3 b5 19.axb5 cxb5 20.Bd4 Nxd3 21.cxd3 a4 22.Nd2 b4
23.Ne2 Bb5 24.e5 dxe5 25.fxe5 Nd5 26.Qg3 Re6 27.Qf3 Bc6 28.Ne4 Be7 29.N2g3 Rg6
30.Nf5 Qd8 31.Rc1 Ba8 32.e6 fxe6 33.Nxe7+ Nxe7 34.Qxf8+ Qxf8 35.Rxf8+ Kxf8
36.Bc5 Bxe4 37.dxe4 b3 38.Rc4 Ke8 39.Bxe7 Kxe7 40.Rxa4 Kd6 41.Kh2 Kc5 42.Ra7 Kc4
43.Rc7+ Kd4 44.Rb7 Kxe4 45.Rxb3 e5 46.Rg3 Kd4 47.Rxg6 hxg6 48.Kg1 Kd3 49.Kf2 Kd2
50.Kf3 Kd3 51.Kf2  1/2-1/2

[Event "23rd Czech Open Rapid"]
[Site "Pardubice CZE"]
[Date "2012.07.19"]
[Round "8.7"]
[White "Navara,D"]
[Black "Yatsenko,A"]
[Result "1-0"]
[WhiteElo "2679"]
[BlackElo "2475"]

1.d4 d6 2.e4 Nf6 3.Nc3 e5 4.Nf3 Nbd7 5.Bc4 Be7 6.O-O O-O 7.a4 c6 8.Re1 Rb8
9.b3 b6 10.Bb2 a6 11.Bd3 Re8 12.Ne2 Qc7 13.Ng3 Bf8 14.Qd2 g6 15.h4 Bg7 16.h5 c5
17.h6 Bf8 18.dxe5 Nxe5 19.Nxe5 dxe5 20.Qg5 Nd7 21.Bc4 b5 22.axb5 axb5 23.Bd5 Be7
24.Qd2 Nf6 25.c4 bxc4 26.bxc4 Bf8 27.f3 Be6 28.Bc3 Nd7 29.Ra6 Bxd5 30.exd5 Ra8
31.Rc6 Qb7 32.Ne4 Ra6 33.Qb2 Qxb2 34.Bxb2 Ra2 35.Rc7 f5 36.Nd6 Bxd6 37.Rxd7 Bf8
38.Rb7 Bxh6 39.Rxe5 Rxe5 40.Bxe5 Be3+ 41.Kh2 Rd2 42.d6 Bg5 43.f4 Bh4  1-0

[Event "6th Varna Open"]
[Site "Varna BUL"]
[Date "2012.07.19"]
[Round "8.13"]
[White "Janachkov,A"]
[Black "Dimov,Dana"]
[Result "1-0"]
[WhiteElo "2193"]
[BlackElo "1941"]

1.e4 d6 2.d4 Nf6 3.Nc3 e5 4.Nge2 Nbd7 5.g3 Be7 6.Bg2 O-O 7.O-O c6 8.a4 a5
9.h3 Qc7 10.g4 Re8 11.Ng3 Nb6 12.Kh1 Nfd7 13.Nf5 Nf8 14.Nxe7+ Qxe7 15.f4 exf4
16.Bxf4 Ng6 17.Bg3 Nh4 18.Qe1 Nxg2 19.Kxg2 d5 20.exd5 Nxd5 21.Qxe7 Rxe7 22.Nxd5 cxd5
23.Ra3 Be6 24.Rb3 Ra6 25.c3 Rd7 26.Rb5 Kf8 27.Ra1 Ke7 28.b4 b6 29.bxa5 bxa5
30.Rab1 h6 31.Rc5 Kf6 32.Kf3 Kg6 33.h4 Kh7 34.Rb8 Raa7 35.Bf4 Rdb7 36.h5  1-0